00342nam a2200145Ia 4500008004100000020001500041041001200056082001600068100001600084245004700100250000800147260002500155300000800180650000800188221030s9999 xx 000 0 und d a0070583706 aEnglish a105.23bKal aH. S. Kalsi 0aElectronic Instrumentationcby H. S. Kalsi a2nd bTMHaNew Delhic2006 a801 aECE